| 000 | 00499nam a2200181Ia 4500 | ||
|---|---|---|---|
| 003 | OSt | ||
| 005 | 20260324154118.0 | ||
| 008 | 190216s9999||||xx |||||||||||||| ||und|| | ||
| 020 | _a9788126408498 | ||
| 040 | _coclc | ||
| 082 |
_a895.135 _bXIN/A |
||
| 100 |
_aXingjian, Gao _95322 |
||
| 245 | 0 |
_aAtmasylam = Soul Mountain / _cGao Xingjian |
|
| 260 |
_bDc Books, _aKottayam: _c2004. |
||
| 300 | _a442p | ||
| 650 | _aNovel | ||
| 942 |
_cBK _2ddc _h895.135 _iXIN/A _k895.135 _mXIN/A |
||
| 999 |
_c28602 _d28602 |
||